000 00320nam a2200145Ia 4500
008 191201s2012 xx 000 0 und d
082 _a658.80285
_bGUE
100 _aDIWAN, Parag
245 0 _aE-Commerce
250 _aRep
260 _aN.Delhi
_bExcel Books
_c2012
300 _a363
650 _aMBA
942 _2ddc
_cBK
999 _c5487
_d5487